[Event "Panevezys Elite Open 2020"]
[Site "Panevezys"]
[Date "2020.07.02"]
[Round "8.2"]
[White "Heberla, Bartlomiej"]
[Black "Jazdanovs, Aleksandrs"]
[Result "1/2-1/2"]
[WhiteElo "2572"]
[BlackElo "2222"]
[Annotator "TA"]
[PlyCount "79"]
[EventDate "2020.06.26"]
[EventType "swiss"]
[EventCountry "LTU"]
[SourceTitle "playchess.com"]
[Source "ChessBase"]
[SourceQuality "1"]

{[%evp 14,79,24,12,66,56,52,54,41,42,42,39,128,99,187,185,198,179,318,308,264,93,88,21,15,8,29,23,14,8,10,11,7,0,29,-160,-154,-230,-219,-208,-219,-210,-214,-202,-185,-219,-187,-265,-266,-267,-264,-265,-263,-248,-245,-256,-248,-252,-262,-370,-282,-281,0,0,0,0,0,0]} 1. Nf3 c5 2. c4 Nf6 3. Nc3 e6 4. e3 b6 5. d4 cxd4 6. exd4 Bb4 7. Bd3 O-O 8. O-O h6 {[#] E14: Queen's Indian: Classical Variation (4 e3).} (8... Bb7 $11) 9. Bf4 $146 ({Predecessor:} 9. Ne4 Bb7 10. Nxf6+ Qxf6 11. Ne5 Rd8 12. Be3 Bf8 13. Qh5 Be7 14. Bg5 Qxg5 15. Qxf7+ {1-0 (24) Iordachescu,V (2614)-Slavin,A (2363) London 2013}) 9... Bxc3 10. bxc3 {[%cal Bb2c3,Bc3c4][%mdl 32]} d5 {White is slightly better.} 11. cxd5 Nxd5 12. Bd2 Qc7 (12... Bb7 $14) 13. c4 Nf6 (13... Ne7 $16) 14. Qc1 $1 $18 Bb7 15. Bxh6 $1 gxh6 (15... Bxf3 $142 16. gxf3 (16. Qg5 Ne8 $14) 16... Ne8) 16. Qxh6 {Threatening mate with Qg5+.} Be4 17. Qg5+ $2 {[#]} (17. Rad1 $1 $18 {and the rest is easy.} Bg6 18. Ne5 (18. Bxg6 fxg6 19. Ng5 Re8 $16)) 17... Bg6 $1 $16 18. Bxg6 (18. Rad1 $16 Nh7 19. Qh6) 18... fxg6 $11 19. Rfe1 Qg7 20. Rxe6 Nbd7 21. Rae1 Rae8 22. h4 Qf7 23. d5 Nc5 24. R6e5 $2 ({White should try} 24. Rxe8 $11 Rxe8 25. Rxe8+ Nxe8 26. Ne5) 24... Nfe4 $36 {[%mdl 2048] Keeping White busy.} 25. Qe3 (25. Qg4 $17 {was called for.} Rxe5 26. Nxe5 Qxf2+ 27. Kh2 Qf4+ 28. Qxf4 Rxf4 29. Nxg6) 25... Rxe5 $19 26. Nxe5 Qxf2+ 27. Qxf2 Rxf2 28. Nxg6 Rc2 29. Rf1 Rxc4 30. h5 (30. Rf8+ {was worth a try.} Kg7 31. Ne5) 30... Kg7 31. Ne5 {[#]} Rd4 $1 32. Rf7+ Kh6 33. Rxa7 {and the idea g4 leaves White hopeful.} Rxd5 34. Nc4 b5 35. Ne3 Rd3 36. Nf5+ (36. Ng4+ $142 Kxh5 37. Nf2) 36... Kxh5 {Threatens to win with ...Nd7.} 37. Rg7 {[%csl Gg7][%cal Rg2g4]} Nf6 $2 ({Black should play} 37... Ng5 $19 {White must now prevent ...Kg4.} 38. Re7 Kg4 39. Nh6+ Kf4) 38. Ng3+ $11 {The position is equal.} Kh6 (38... Kh4 $5 39. Nf5+ $8 Kh5 40. Ng3+ {[#]} Rxg3 $1 {[%mdl 512]} 41. Rxg3 b4 $11) 39. Nf5+ Kh5 {aiming for ...Ng4.} 40. Ng3+ {Never resign too early! Accuracy: White = 51%, Black = 64%.} 1/2-1/2

[Event "Panevezys Elite Open 2020"]
[Site "Panevezys"]
[Date "2020.07.02"]
[Round "8.3"]
[White "Stremavicius, Pijus"]
[Black "Laurusas, Tomas"]
[Result "0-1"]
[WhiteElo "2163"]
[BlackElo "2511"]
[Annotator "TA"]
[PlyCount "70"]
[EventDate "2020.06.26"]
[EventType "swiss"]
[EventCountry "LTU"]
[SourceTitle "playchess.com"]
[Source "ChessBase"]
[SourceQuality "1"]

{[%evp 9,70,39,39,22,23,25,65,63,71,38,41,43,43,31,59,63,75,71,106,15,17,9,12,0,0,0,4,-25,-22,-29,17,-46,-65,-171,-170,-172,-166,-191,-197,-192,-185,-171,-177,-275,-271,-344,-329,-352,-329,-315,-261,-571,-561,-536,-514,-658,-635,-664,-665,-894,-891,-852,-807]} 1. d4 b6 2. e4 Bb7 3. Bd3 e6 4. c4 Nc6 5. Ne2 Nb4 6. Nbc3 {A40: Unusual replies to 1 d4.} Nxd3+ 7. Qxd3 Ne7 {7...d6 is vanishing.} 8. O-O {White is slightly better.} d5 9. cxd5 exd5 10. e5 Qd7 {[#]} 11. Bf4 $146 ({Predecessor:} 11. f4 g6 12. Ng3 h5 13. f5 h4 14. fxg6 fxg6 15. Nge2 O-O-O 16. Bg5 Bh6 17. Bxh6 Rxh6 {1-0 (46) Ushenina,A (2450)-Zhao,X (2506) Huaian 2016}) 11... a6 12. Rac1 Nc6 13. Bg3 h5 14. f4 (14. Nf4 $16) 14... h4 $11 15. Be1 f5 16. Nd1 g6 17. Ne3 Nd8 18. Rf3 Ne6 19. Rh3 Qb5 20. Qxb5+ (20. Qc2 $11) 20... axb5 $15 {[%cal Ba6b5,Bb5b4][%mdl 32]} 21. Rxh4 {White is on the road to losing.} ({White should play} 21. a3 $15) 21... Rxh4 $19 22. Bxh4 b4 23. Ra1 c5 24. Bf2 Ba6 ({Inferior is} 24... Nxd4 25. Nxd4 cxd4 26. Nf1 $11) 25. Nc1 Nxf4 26. Bg3 {[#]} (26. Nc2 $142) 26... Ne6 $1 {Threatens to win with ...f4.} ({Not} 26... cxd4 27. Bxf4 dxe3 28. Bxe3 $15) 27. Nxd5 O-O-O 28. Nxb6+ Kc7 29. Na4 {With the idea Nb3.} Bb5 (29... Nxd4 $2 30. Nb3 $17) 30. b3 $2 (30. Nxc5 {is tougher.} Nxc5 31. Bf2) 30... Rxd4 {[#] ...Rd1+ is the strong threat.Black is clearly winning.} 31. Nb2 Rd2 32. Rb1 Bh6 33. Bf2 Bf4 34. Be1 Be3+ 35. Kh1 Rc2 {[%mdl 64] Discovered Attack. Accuracy: White = 46%, Black = 84%.} 0-1

[Event "Panevezys Elite Open 2020"]
[Site "Panevezys"]
[Date "2020.07.02"]
[Round "8.4"]
[White "Juksta, Karolis"]
[Black "Baum, Jonasz"]
[Result "1-0"]
[WhiteElo "2366"]
[BlackElo "2373"]
[Annotator "ChessBase"]
[PlyCount "127"]
[EventDate "2020.06.26"]
[EventType "swiss"]
[EventCountry "LTU"]
[SourceTitle "playchess.com"]
[Source "ChessBase"]
[SourceQuality "1"]
[TimeControl "40/5400+30:1800+30"]

1. d4 {[%emt 0:00:00]} Nf6 {[%emt 0:00:00]} 2. c4 {[%emt 0:00:00]} e6 {[%emt 0:00:00]} 3. Nc3 {[%emt 0:00:00]} Bb4 {[%emt 0:00:00]} 4. f3 {[%emt 0:01:27]} c5 {[%emt 0:00:09]} 5. d5 {[%emt 0:00:50]} O-O {[%emt 0:00:13]} 6. e4 {[%emt 0:00:15]} d6 {[%emt 0:00:18]} 7. Nge2 {[%emt 0:00:40]} a6 {[%emt 0:00:18]} 8. Ng3 {[%emt 0:04:05]} b5 {[%emt 0:00:40]} 9. Be2 {[%emt 0:11:41]} bxc4 {[%emt 0:00:42]} 10. Bxc4 {[%emt 0:02:10]} exd5 {[%emt 0:01:51]} 11. Bxd5 {[%emt 0:00:41]} Nxd5 {[%emt 0:00:10]} 12. Qxd5 {[%emt 0:00:06]} Ra7 {[%emt 0:14:07]} 13. O-O {[%emt 0:02:08]} Bxc3 {[%emt 0:02:46]} 14. bxc3 {[%emt 0:00:08]} Be6 {[%emt 0:00:08]} 15. Qd3 {[%emt 0:07:03]} Nc6 {[%emt 0:14:43]} 16. f4 {[%emt 0:00:44]} Rd7 {[%emt 0:21:07]} 17. Be3 {[%emt 0:13:26]} Na5 {[%emt 0:02:33]} 18. Rf2 {[%emt 0:05:05]} f6 {[%emt 0:02:36]} 19. Nf1 {[%emt 0:17:14]} Nc4 {[%emt 0:18:29]} 20. Nd2 {[%emt 0:02:13]} Nxe3 {[%emt 0:00:12]} 21. Qxe3 {[%emt 0:00:06]} Qa5 {[%emt 0:00:26]} 22. Nf3 {[%emt 0:04:26]} Re8 {[%emt 0:08:27]} 23. Re1 {[%emt 0:05:31]} Bf7 {[%emt 0:07:52]} 24. Rd2 {[%emt 0:04:14]} Rde7 {[%emt 0:01:13]} 25. Rxd6 {[%emt 0:03:36]} Rxe4 {[%emt 0:01:31]} 26. Qxe4 {[%emt 0:00:27]} Rxe4 {[%emt 0:00:02]} 27. Rxe4 {[%emt 0:00:01]} Qc7 {[%emt 0:02:14]} 28. Rd2 {[%emt 0:05:06]} Bg6 {[%emt 0:00:26]} 29. Re3 {[%emt 0:00:01]} h5 {[%emt 0:00:43]} 30. Nh4 {[%emt 0:01:23]} Bf7 {[%emt 0:00:30]} 31. g3 {[%emt 0:01:52]} g6 {[%emt 0:00:32]} 32. Kf2 {[%emt 0:02:15]} c4 {[%emt 0:00:20]} 33. Nf3 {[%emt 0:00:56]} Qb6 {[%emt 0:00:40]} 34. Rd7 {[%emt 0:02:02]} Be6 {[%emt 0:00:19]} 35. Re7 {[%emt 0:01:21]} Bd5 {[%emt 0:00:36]} 36. Nd4 {[%emt 0:00:34]} Bf7 {[%emt 0:00:35]} 37. Rd7 {[%emt 0:00:10]} Qb2+ {[%emt 0:00:26]} 38. Ne2 {[%emt 0:02:24]} Qb6 {[%emt 0:00:01]} 39. Nd4 {[%emt 0:01:03]} Qb2+ {[%emt 0:00:01]} 40. Ne2 {[%emt 0:00:41]} Qb6 {[%emt 0:00:01]} 41. h3 {[%emt 0:10:53]} Kf8 {[%emt 0:11:08]} 42. Nd4 {[%emt 0:03:47]} Qb2+ {[%emt 0:00:49]} 43. Ne2 {[%emt 0:01:59]} Qb6 {[%emt 0:00:48]} 44. Rd4 {[%emt 0:01:50]} Qb7 {[%emt 0:08:27]} 45. Rd6 {[%emt 0:04:00]} Kg7 {[%emt 0:02:21]} 46. h4 {[%emt 0:00:35]} Bd5 {[%emt 0:04:20]} 47. Re8 {[%emt 0:03:15]} Kf7 {[%emt 0:01:23]} 48. Red8 {[%emt 0:02:51]} Be6 {[%emt 0:01:46]} 49. Rd2 {[%emt 0:02:54]} Qh1 {[%emt 0:00:45]} 50. Rh8 {[%emt 0:03:07]} Bd5 {[%emt 0:02:35]} 51. Rh7+ {[%emt 0:01:19]} Ke6 {[%emt 0:01:03]} 52. f5+ {[%emt 0:00:35]} Kxf5 {[%emt 0:00:32]} 53. Rd4 {[%emt 0:00:26]} g5 {[%emt 0:02:02]} 54. hxg5 {[%emt 0:00:38]} Kxg5 {[%emt 0:00:32]} 55. Rxd5+ {[%emt 0:00:14]} f5 {[%emt 0:00:23]} 56. Rd6 {[%emt 0:00:31]} Qh2+ {[%emt 0:00:17]} 57. Ke3 {[%emt 0:00:14]} f4+ {[%emt 0:00:28]} 58. gxf4+ {[%emt 0:00:10]} Kg4 {[%emt 0:00:47]} 59. Rg6+ {[%emt 0:00:30]} Kh4 60. Rg5 {[%emt 0:00:28]} Qh3+ {[%emt 0:00:30]} 61. Ng3 {[%emt 0:00:06]} Qe6+ {[%emt 0:00:14]} 62. Ne4 {[%emt 0:00:38]} Qh3+ {[%emt 0:00:13]} 63. Kd4 {[%emt 0:00:40]} Qd3+ {[%emt 0:00:06]} 64. Ke5 {[%emt 0:00:04]} 1-0

[Event "Panevezys Elite Open 2020"]
[Site "Panevezys"]
[Date "2020.07.02"]
[Round "8.5"]
[White "Bekasovs, Rihards"]
[Black "Malisauskas, Vidmantas"]
[Result "1/2-1/2"]
[WhiteElo "2179"]
[BlackElo "2423"]
[Annotator "TA"]
[PlyCount "43"]
[EventDate "2020.06.26"]
[EventType "swiss"]
[EventCountry "LTU"]
[SourceTitle "playchess.com"]
[Source "ChessBase"]
[SourceQuality "1"]

{[%evp 26,30,6,6,8,9,44]} 1. Nf3 Nf6 2. b3 g6 3. Bb2 Bg7 4. c4 O-O 5. g3 b6 6. Bg2 Bb7 7. O-O c5 8. Nc3 d5 9. Nxd5 Nxd5 10. Bxg7 Kxg7 11. cxd5 Qxd5 12. d4 cxd4 13. Qxd4+ Qxd4 14. Nxd4 Bxg2 {A30: Symmetrical English: Double Fianchetto and Hedgehog.} 15. Kxg2 e5 {[#] Not much happened in this game.} {Predecessor:} 16. Nb5 $146 Nc6 17. Rac1 Nb4 18. a3 Nd5 19. Nc7 Rad8 20. Rfd1 Nf6 21. b4 Rxd1 22. Rxd1 {1-0 (57) Schulz,K (2244)-Stork,O (2040) Playchess.com INT 2020} 1/2-1/2

[Event "Panevezys Elite Open 2020"]
[Site "Panevezys"]
[Date "2020.07.02"]
[Round "8.6"]
[White "Brazdzionis, Andrius"]
[Black "Krivonosov, Oleg"]
[Result "1/2-1/2"]
[WhiteElo "2342"]
[BlackElo "2391"]
[Annotator "ChessBase"]
[PlyCount "84"]
[EventDate "2020.06.26"]
[EventType "swiss"]
[EventCountry "LTU"]
[SourceTitle "playchess.com"]
[Source "ChessBase"]
[SourceQuality "1"]
[TimeControl "40/5400+30:1800+30"]

1. Nf3 {[%emt 0:00:00]} Nf6 {[%emt 0:00:00]} 2. c4 {[%emt 0:00:00]} e6 {[%emt 0:00:04]} 3. g3 {[%emt 0:00:00]} d5 {[%emt 0:00:11]} 4. Bg2 {[%emt 0:00:00]} Be7 {[%emt 0:00:29]} 5. O-O {[%emt 0:00:03]} O-O {[%emt 0:00:03]} 6. d4 {[%emt 0:00:04]} Nbd7 {[%emt 0:00:30]} 7. Nc3 {[%emt 0:00:08]} dxc4 {[%emt 0:00:07]} 8. e4 {[%emt 0:01:39]} b5 {[%emt 0:00:45]} 9. Nxb5 {[%emt 0:08:03]} Bb7 {[%emt 0:00:26]} 10. e5 {[%emt 0:01:50]} Nd5 {[%emt 0:00:35]} 11. Qe2 {[%emt 0:01:25]} N7b6 {[%emt 0:21:43]} 12. Rd1 {[%emt 0:09:22]} Qd7 {[%emt 0:05:20]} 13. Nc3 {[%emt 0:02:28]} Nxc3 {[%emt 0:01:10]} 14. bxc3 {[%emt 0:00:07]} h6 {[%emt 0:02:05]} 15. h4 {[%emt 0:06:15]} Bd5 {[%emt 0:01:25]} 16. Nh2 {[%emt 0:04:44]} Bxg2 {[%emt 0:02:14]} 17. Kxg2 {[%emt 0:00:11]} Qc6+ {[%emt 0:01:08]} 18. Kg1 {[%emt 0:02:57]} Nd5 {[%emt 0:04:17]} 19. Bd2 {[%emt 0:05:58]} Rfb8 {[%emt 0:05:34]} 20. Qg4 {[%emt 0:03:28]} Kh8 {[%emt 0:07:51]} 21. Qf3 {[%emt 0:03:23]} Qe8 {[%emt 0:01:45]} 22. Ng4 {[%emt 0:00:53]} Rb2 {[%emt 0:02:33]} 23. Ne3 {[%emt 0:07:12]} Nxe3 {[%emt 0:00:42]} 24. Bxe3 {[%emt 0:00:18]} c6 {[%emt 0:01:51]} 25. Qe4 {[%emt 0:00:32]} Qd7 {[%emt 0:01:41]} 26. Bc1 {[%emt 0:08:45]} Rb5 {[%emt 0:01:39]} 27. Qf3 {[%emt 0:00:25]} Bf8 {[%emt 0:01:27]} 28. g4 {[%emt 0:03:48]} Kg8 {[%emt 0:08:46]} 29. g5 {[%emt 0:00:39]} Qd5 {[%emt 0:00:46]} 30. Qg4 {[%emt 0:03:50]} h5 {[%emt 0:01:59]} 31. Qxh5 {[%emt 0:00:40]} Qe4 {[%emt 0:00:17]} 32. Be3 {[%emt 0:01:55]} Rb2 {[%emt 0:02:22]} 33. Re1 {[%emt 0:01:32]} Rab8 {[%emt 0:04:18]} 34. Qd1 {[%emt 0:03:18]} Rc2 {[%emt 0:04:19]} 35. Rb1 {[%emt 0:05:18]} Rxb1 {[%emt 0:03:33]} 36. Qxb1 {[%emt 0:00:11]} Qg4+ {[%emt 0:00:16]} 37. Kf1 {[%emt 0:00:41]} Rxc3 {[%emt 0:00:55]} 38. Rc1 {[%emt 0:02:06]} Rd3 {[%emt 0:04:07]} 39. Qc2 {[%emt 0:00:39]} Qf3 {[%emt 0:02:28]} 40. Kg1 {[%emt 0:02:26]} Qg4+ {[%emt 0:01:45]} 41. Kf1 {[%emt 0:30:22]} Qf3 {[%emt 0:32:54]} 42. Kg1 {[%emt 0:00:09]} Qg4+ {[%emt 0:00:00]} 1/2-1/2

[Event "Panevezys Elite Open 2020"]
[Site "Panevezys"]
[Date "2020.07.02"]
[Round "8.8"]
[White "Starostits, Ilmars"]
[Black "Bagdanskis, Dangis"]
[Result "1-0"]
[WhiteElo "2490"]
[BlackElo "1916"]
[Annotator "TA"]
[PlyCount "111"]
[EventDate "2020.06.26"]
[EventType "swiss"]
[EventCountry "LTU"]
[SourceTitle "playchess.com"]
[Source "ChessBase"]
[SourceQuality "1"]

{[%evp 9,111,39,80,71,84,77,88,85,76,50,46,48,59,42,43,23,31,22,22,22,26,21,28,18,35,24,25,22,17,0,13,-26,-13,-21,-29,-18,-18,-18,-5,-10,-10,-91,0,0,30,0,0,0,0,0,45,43,51,28,31,22,20,23,36,26,30,11,18,12,21,10,16,11,15,9,27,4,15,9,48,32,77,60,71,62,266,253,331,309,295,320,302,307,393,200,335,316,520,493,615,606,633,622,622,595,918,913,843,792]} 1. d4 d5 2. Nf3 Nf6 3. Bf4 Bf5 4. c4 Bxb1 5. Rxb1 e6 6. Qb3 {D02: 1 d4 d5 2 Nf3 sidelines, including 2...Nf6 3 g3 and 2...Nf6 3 Bf4.} Qc8 7. e3 Nc6 8. c5 {[#] White is better.} a6 $146 ({Predecessor:} 8... Ne7 9. h3 Ng6 10. Bh2 Be7 11. Qa4+ c6 12. b4 b5 13. Qc2 Bd8 14. a4 a6 {1-0 (43) Edvardsson,K (2252)-Tate,E (2406) Reykjavik 2007}) 9. Qc2 Nh5 10. Be5 f6 11. Bg3 g6 12. Bd3 Bg7 13. b4 O-O 14. Qb3 Qd7 15. O-O Nxg3 16. hxg3 Kh8 17. Rfd1 f5 18. Be2 Qe7 19. Ne1 g5 20. Nd3 f4 21. gxf4 gxf4 22. Nxf4 Nxd4 $1 23. Qd3 Nxe2+ 24. Qxe2 c6 25. Qh5 {[#]} (25. a4 $11) 25... Qf6 ({Better is} 25... Rf6 $1 $17 26. Qh4 Qf7) 26. Nh3 Bh6 27. Rb3 (27. Rd4 $5 {[%cal Rd4h4]} Qf5 28. Qxf5 Rxf5 29. Rh4 $11) 27... Rg8 28. g3 Raf8 29. Kg2 Qf5 30. Qxf5 Rxf5 31. a4 e5 32. b5 axb5 33. axb5 Rf7 34. bxc6 bxc6 35. Rb6 Rc7 36. Ra1 Rgc8 37. Ng1 Bf8 38. Ra5 Kg7 39. Nf3 Kf6 40. Ne1 Be7 41. Nd3 Bd8 42. Raa6 {Threatens to win with Nb4.} Ke6 43. Nb4 {[%cal Rb4c6]} Kd7 44. Ra1 Be7 $2 {A mistake that costs the game.} (44... h5 $14) 45. Na6 $18 Ra8 46. Nb8+ {[%mdl 64] Discovered Attack} Rxb8 47. Rxb8 Bxc5 {[%mdl 4096] Endgame KRR-KRB} 48. Rh1 Be7 49. Rh5 (49. g4 $142) 49... d4 (49... c5 {keeps fighting.} 50. Rxe5 Kd6) 50. Rxe5 ({Weaker is} 50. Rxh7 c5 $18) 50... d3 $2 (50... dxe3 {was called for.} 51. Rxe3 Bf6 52. Rd3+ Ke7) 51. Rb3 {White is clearly winning.} Kd6 52. f4 {[%cal Rb3d3]} c5 {intending ...c4.} 53. Rxd3+ Kc6 54. Kf3 c4 55. Rd4 Kb6 {[#]} 56. Rxe7 $1 {Accuracy: White = 82%, Black = 63%.} 1-0

[Event "Panevezys Elite Open 2020"]
[Site "Panevezys"]
[Date "2020.07.02"]
[Round "8.9"]
[White "Dambrauskas, Virginijus"]
[Black "Chukavin, Kirill"]
[Result "0-1"]
[WhiteElo "2246"]
[BlackElo "2348"]
[Annotator "ChessBase"]
[PlyCount "86"]
[EventDate "2020.06.26"]
[EventType "swiss"]
[EventCountry "LTU"]
[SourceTitle "playchess.com"]
[Source "ChessBase"]
[SourceQuality "1"]
[TimeControl "40/5400+30:1800+30"]

1. d4 {[%emt 0:00:00]} Nf6 {[%emt 0:00:19]} 2. c4 {[%emt 0:00:00]} e6 {[%emt 0:00:19]} 3. Nf3 {[%emt 0:00:00]} d5 {[%emt 0:00:05]} 4. Bg5 {[%emt 0:00:41]} h6 {[%emt 0:00:34]} 5. Bxf6 {[%emt 0:00:48]} Qxf6 {[%emt 0:00:08]} 6. Nc3 {[%emt 0:00:08]} c6 {[%emt 0:00:07]} 7. e3 {[%emt 0:00:46]} g6 {[%emt 0:00:17]} 8. Be2 {[%emt 0:03:20]} dxc4 {[%emt 0:01:00]} 9. Bxc4 {[%emt 0:00:09]} Nd7 {[%emt 0:00:11]} 10. h4 {[%emt 0:02:52]} Bg7 {[%emt 0:04:25]} 11. h5 {[%emt 0:00:22]} g5 {[%emt 0:00:29]} 12. Qc2 {[%emt 0:01:51]} Qe7 {[%emt 0:08:32]} 13. a3 {[%emt 0:02:57]} O-O {[%emt 0:08:55]} 14. Ba2 {[%emt 0:00:53]} b6 {[%emt 0:13:36]} 15. O-O-O {[%emt 0:08:49]} Bb7 {[%emt 0:00:39]} 16. Bb1 {[%emt 0:00:58]} Rfd8 {[%emt 0:02:05]} 17. Ne5 {[%emt 0:14:26]} Nxe5 {[%emt 0:04:02]} 18. dxe5 {[%emt 0:00:11]} Qc5 {[%emt 0:00:47]} 19. Rxd8+ {[%emt 0:04:14]} Rxd8 {[%emt 0:00:12]} 20. Rd1 {[%emt 0:00:15]} Rxd1+ {[%emt 0:05:06]} 21. Qxd1 {[%emt 0:00:53]} Bxe5 {[%emt 0:06:34]} 22. Qd8+ {[%emt 0:01:36]} Kg7 {[%emt 0:16:51]} 23. Qd3 {[%emt 0:00:22]} Kf8 {[%emt 0:00:18]} 24. Qd8+ {[%emt 0:00:13]} Kg7 {[%emt 0:00:01]} 25. Qd3 {[%emt 0:00:08]} Qf8 {[%emt 0:01:45]} 26. Ne2 {[%emt 0:10:42]} Kf6 {[%emt 0:03:40]} 27. f4 {[%emt 0:01:13]} gxf4 {[%emt 0:00:37]} 28. exf4 {[%emt 0:00:08]} Qc5+ {[%emt 0:01:54]} 29. Bc2 {[%emt 0:00:19]} Bc7 {[%emt 0:00:42]} 30. Kb1 {[%emt 0:16:16]} Qd5 {[%emt 0:01:38]} 31. Qc3+ {[%emt 0:04:18]} Ke7 {[%emt 0:00:16]} 32. g4 {[%emt 0:00:28]} c5 {[%emt 0:01:29]} 33. Qg7 {[%emt 0:01:58]} Qh1+ {[%emt 0:02:35]} 34. Ka2 {[%emt 0:01:54]} Bd5+ {[%emt 0:00:10]} 35. b3 {[%emt 0:00:19]} Qg2 {[%emt 0:00:58]} 36. g5 {[%emt 0:05:36]} Qxe2 {[%emt 0:02:00]} 37. Qf6+ {[%emt 0:03:06]} Ke8 {[%emt 0:00:31]} 38. Kb1 {[%emt 0:04:08]} Be4 {[%emt 0:01:17]} 39. Bxe4 {[%emt 0:01:08]} Qxe4+ {[%emt 0:00:03]} 40. Ka2 {[%emt 0:00:56]} Qxf4 {[%emt 0:01:07]} 41. Qh8+ {[%emt 0:30:21]} Kd7 {[%emt 0:30:02]} 42. g6 {[%emt 0:00:08]} Be5 {[%emt 0:00:08]} 43. Qh7 {[%emt 0:00:25]} Qd2+ {[%emt 0:00:04]} 0-1

[Event "Panevezys Elite Open 2020"]
[Site "Panevezys"]
[Date "2020.07.02"]
[Round "8.10"]
[White "Povilaitis, Tomas"]
[Black "Steponavicius, Stasys"]
[Result "0-1"]
[WhiteElo "1832"]
[BlackElo "2183"]
[Annotator "ChessBase"]
[PlyCount "56"]
[EventDate "2020.06.26"]
[EventType "swiss"]
[EventCountry "LTU"]
[SourceTitle "playchess.com"]
[Source "ChessBase"]
[SourceQuality "1"]
[TimeControl "40/5400+30:1800+30"]

1. e4 {[%emt 0:00:00]} c5 {[%emt 0:00:00]} 2. Nf3 {[%emt 0:00:00]} Nc6 {[%emt 0:00:00]} 3. d4 {[%emt 0:00:00]} cxd4 {[%emt 0:00:00]} 4. Nxd4 {[%emt 0:00:01]} Nf6 {[%emt 0:00:02]} 5. Nc3 {[%emt 0:00:13]} e5 {[%emt 0:00:10]} 6. Nde2 {[%emt 0:00:15]} Bc5 {[%emt 0:00:34]} 7. Ng3 {[%emt 0:00:27]} Qb6 {[%emt 0:03:41]} 8. Qd2 Bb4 9. Qg5 {[%emt 0:07:24]} Rg8 {[%emt 0:15:35]} 10. Bd3 {[%emt 0:09:07]} h6 {[%emt 0:00:57]} 11. Qh4 {[%emt 0:05:39]} Nd4 {[%emt 0:04:08]} 12. O-O {[%emt 0:02:15]} g5 {[%emt 0:01:28]} 13. Qxh6 {[%emt 0:05:50]} Bf8 {[%emt 0:00:19]} 14. Qh3 {[%emt 0:00:31]} d5 {[%emt 0:00:29]} 15. Nf5 {[%emt 0:12:53]} dxe4 {[%emt 0:01:13]} 16. Qg3 {[%emt 0:08:33]} Bxf5 {[%emt 0:03:37]} 17. Qxe5+ {[%emt 0:00:37]} Be6 {[%emt 0:02:03]} 18. Be3 {[%emt 0:21:30]} O-O-O {[%emt 0:03:07]} 19. Nxe4 {[%emt 0:00:48]} Ng4 {[%emt 0:01:19]} 20. Qg3 {[%emt 0:01:18]} Nxe3 {[%emt 0:02:55]} 21. Qxe3 {[%emt 0:00:50]} Be7 {[%emt 0:00:52]} 22. a4 {[%emt 0:00:11]} Nf5 {[%emt 0:00:42]} 23. Qe2 {[%emt 0:00:10]} g4 {[%emt 0:03:38]} 24. a5 {[%emt 0:00:28]} Qc7 {[%emt 0:00:09]} 25. Rfb1 {[%emt 0:01:54]} Rh8 {[%emt 0:00:27]} 26. Ng3 {[%emt 0:00:07]} Nxg3 {[%emt 0:01:02]} 27. hxg3 {[%emt 0:00:06]} Bc5 {[%emt 0:01:12]} 28. b4 {[%emt 0:00:56]} Qxg3 {[%emt 0:02:40]} 0-1

[Event "Panevezys Elite Open 2020"]
[Site "Panevezys"]
[Date "2020.07.02"]
[Round "8.11"]
[White "Jablokov, Dmitrij"]
[Black "Aleknavicius, Andrius"]
[Result "1-0"]
[WhiteElo "1962"]
[BlackElo "1895"]
[Annotator "ChessBase"]
[PlyCount "45"]
[EventDate "2020.06.26"]
[EventType "swiss"]
[EventCountry "LTU"]
[SourceTitle "playchess.com"]
[Source "ChessBase"]
[SourceQuality "1"]
[TimeControl "40/5400+30:1800+30"]

1. Nf3 {[%emt 0:00:00]} f5 {[%emt 0:00:50]} 2. d3 {[%emt 0:00:00]} Nf6 {[%emt 0:01:27]} 3. e4 {[%emt 0:00:00]} d6 {[%emt 0:03:09]} 4. exf5 {[%emt 0:01:47]} Bxf5 {[%emt 0:00:29]} 5. d4 {[%emt 0:00:07]} g6 {[%emt 0:01:57]} 6. Bd3 {[%emt 0:03:40]} Qd7 {[%emt 0:10:58]} 7. O-O {[%emt 0:04:10]} Bg7 {[%emt 0:02:36]} 8. Re1 {[%emt 0:05:00]} O-O {[%emt 0:18:54]} 9. Bxf5 {[%emt 0:01:17]} Qxf5 {[%emt 0:01:24]} 10. Rxe7 {[%emt 0:01:04]} Ne4 {[%emt 0:09:16]} 11. Nc3 {[%emt 0:01:26]} d5 {[%emt 0:01:53]} 12. Be3 {[%emt 0:04:41]} Na6 {[%emt 0:25:13]} 13. Nxe4 {[%emt 0:01:43]} dxe4 {[%emt 0:00:20]} 14. Nd2 {[%emt 0:00:04]} Rae8 {[%emt 0:01:54]} 15. Rxe8 {[%emt 0:00:06]} Rxe8 {[%emt 0:00:03]} 16. c3 {[%emt 0:00:35]} Kh8 {[%emt 0:04:01]} 17. Qa4 {[%emt 0:02:15]} Rf8 {[%emt 0:00:32]} 18. Qc2 {[%emt 0:00:07]} Re8 {[%emt 0:01:37]} 19. Re1 {[%emt 0:00:25]} Qd5 {[%emt 0:02:44]} 20. Qb3 {[%emt 0:00:22]} Qd6 {[%emt 0:02:45]} 21. Qxb7 {[%emt 0:00:44]} Rb8 {[%emt 0:00:20]} 22. Qxe4 {[%emt 0:00:02]} c5 {[%emt 0:01:29]} 23. Bf4 {[%emt 0:00:05]} 1-0